[Event "Aarhusmesterskabet"]
[Site "Aarhus"]
[Date "2020.02.15"]
[Round "4.6"]
[White "Oehlerich, Per"]
[Black "Hoiberg, Nina"]
[Result "0-1"]
[WhiteElo "1935"]
[BlackElo "2168"]
[PlyCount "70"]
[EventDate "2020.02.??"]
[EventType "swiss"]
[EventRounds "7"]
[EventCountry "DEN"]

1. e4 e5 2. Nf3 Nc6 3. d4 exd4 4. Nxd4 Bc5 5. Be3 Qf6 6. Nb5 Bxe3 7. fxe3 Qd8
8. N1c3 a6 9. Nd4 d6 10. Nxc6 bxc6 11. Bc4 Nh6 12. Qd2 Ng4 13. O-O-O Ne5 14.
Bb3 O-O 15. h3 Rb8 16. a3 Qe7 17. Ne2 Be6 18. Nd4 Bxb3 19. Nxb3 Rb6 20. Qc3
Rfb8 21. Rhf1 Qe6 22. Rf5 g6 23. Nc5 Qc4 24. Rxe5 Qxc3 25. bxc3 Rb1+ 26. Kd2
Rxd1+ 27. Kxd1 dxe5 28. Nxa6 Ra8 29. Nb4 Rxa3 30. Kd2 Ra1 31. Nxc6 f6 32. Ke2
Rg1 33. Kf3 Kf7 34. c4 Rb1 35. c3 Rb3 0-1

[Event "Aarhusmesterskabet"]
[Site "Aarhus"]
[Date "2020.02.15"]
[Round "4.7"]
[White "Iversen, Flemming Pagh"]
[Black "Andersen, Thomas Klitgaard"]
[Result "1-0"]
[WhiteElo "1806"]
[BlackElo "2187"]
[PlyCount "115"]
[EventDate "2020.02.??"]
[EventType "swiss"]
[EventRounds "7"]
[EventCountry "DEN"]

1. Nf3 d5 2. g3 Nf6 3. Bg2 e6 4. O-O c5 5. d3 Be7 6. Nbd2 Nc6 7. e4 b5 8. Re1
Qc7 9. c3 O-O 10. Nf1 a5 11. a3 Ba6 12. e5 Nd7 13. Bf4 Rfc8 14. h4 Qd8 15. N1h2
b4 16. Ng4 Bf8 17. Ng5 h6 18. Nh3 bxc3 19. bxc3 Rab8 20. Qd2 c4 21. d4 a4 22.
Be3 Ne7 23. Qc2 Rb3 24. Nf4 Nb6 25. Bc1 Nf5 26. Ne3 Nxe3 27. Rxe3 Na8 28. Bh3
Nc7 29. Rf3 Qe8 30. Nh5 Nb5 31. Rf6 Rxc3 32. Qe2 Rxc1+ 33. Rxc1 Kh8 34. Rxh6+
gxh6 35. Nf6 Qe7 36. Qc2 Qxf6 37. exf6 Nxd4 38. Qxa4 Bb5 39. Qd1 Nb3 40. Rc3 d4
41. Rxb3 cxb3 42. Qxb3 Be2 43. Qb2 d3 44. Qb7 Rc1+ 45. Kh2 Kg8 46. Qd7 Rc2 47.
Bxe6 Bh5 48. Qxd3 Rxf2+ 49. Kh3 fxe6 50. g4 Bf7 51. g5 Bh5 52. Qc4 Kf7 53. Qc7+
Kg6 54. Qc8 Bd6 55. Qe8+ Kf5 56. Qb5+ e5 57. Qd3+ Kf4 58. Qg3+ 1-0

[Event "Aarhusmesterskabet"]
[Site "Aarhus"]
[Date "2020.02.15"]
[Round "4.8"]
[White "Hardlei, Johan"]
[Black "Ladegaard, Jakob"]
[Result "1-0"]
[WhiteElo "2128"]
[BlackElo "1697"]
[PlyCount "95"]
[EventDate "2020.02.??"]
[EventType "swiss"]
[EventRounds "7"]
[EventCountry "DEN"]

1. Nf3 Nf6 2. b3 g6 3. Bb2 Bg7 4. e3 d6 5. d4 Nbd7 6. Be2 O-O 7. O-O e5 8. dxe5
Ng4 9. c4 Ndxe5 10. Nc3 Nxf3+ 11. Bxf3 Qh4 12. Bxg4 Bxg4 13. Qd2 Be6 14. Nd5
Bxb2 15. Qxb2 Bxd5 16. cxd5 Rfe8 17. Rac1 Rac8 18. Rc4 Qg5 19. Qd4 h5 20. Rfc1
Re7 21. Qxa7 Qxd5 22. Rd4 Qb5 23. Rxd6 Rce8 24. Rd2 Qg5 25. h3 c6 26. Qb6 Kh7
27. Rcd1 Qf5 28. a4 Qe6 29. a5 Ra8 30. b4 Qf5 31. Rd8 Rxd8 32. Rxd8 Rd7 33.
Rxd7 Qxd7 34. Qd4 Qe6 35. e4 Qe7 36. e5 Qe6 37. Qd6 Qc4 38. g3 h4 39. gxh4 Qxh4
40. Qf6 Qxf6 41. exf6 g5 42. Kg2 Kg6 43. f4 gxf4 44. Kf3 Kf5 45. h4 Ke5 46. h5
Kf5 47. h6 Kxf6 48. Kxf4 1-0

[Event "Aarhusmesterskabet"]
[Site "Aarhus"]
[Date "2020.02.15"]
[Round "4.11"]
[White "Nguyen, Phong Van"]
[Black "Holm, Filip"]
[Result "0-1"]
[WhiteElo "1743"]
[BlackElo "1956"]
[PlyCount "70"]
[EventDate "2020.02.??"]
[EventType "swiss"]
[EventRounds "7"]
[EventCountry "DEN"]

1. e4 g6 2. Nc3 Bg7 3. d4 d6 4. Be3 Nd7 5. Bc4 e5 6. Nf3 Ngf6 7. Qd2 Ng4 8. Bg5
f6 9. Be3 Nxe3 10. Qxe3 Nb6 11. Bb3 Qe7 12. O-O Be6 13. Nd5 Nxd5 14. exd5 Bd7
15. dxe5 fxe5 16. Rae1 O-O 17. Nd4 Bf6 18. Ne6 Bxe6 19. dxe6 Bg5 20. Qg3 Rf5
21. Re4 Raf8 22. Rg4 Kg7 23. h4 Bf4 24. Qh3 h5 25. Rxf4 Rxf4 26. g3 R4f5 27. c3
e4 28. Qg2 d5 29. g4 hxg4 30. Qxg4 Qxe6 31. Qg3 Qe5 32. Qh3 e3 33. Bc2 e2 34.
Re1 Rxf2 35. Qg4 Qh2# 0-1

[Event "Aarhusmesterskabet"]
[Site "Aarhus"]
[Date "2020.02.15"]
[Round "4.12"]
[White "Mygind, Thomas"]
[Black "Marthedal, Anton Mehmet Yildiz"]
[Result "0-1"]
[WhiteElo "1330"]
[BlackElo "1920"]
[PlyCount "54"]
[EventDate "2020.02.??"]
[EventType "swiss"]
[EventRounds "7"]
[EventCountry "DEN"]

1. e4 c6 2. d4 d5 3. f3 dxe4 4. fxe4 e5 5. Nf3 Bg4 6. Bc4 Nd7 7. O-O Ngf6 8. c3
b5 9. Bb3 Bd6 10. Qd3 O-O 11. Bg5 Nc5 12. Qe3 exd4 13. cxd4 Ncxe4 14. Bh4 Qc7
15. h3 Bxf3 16. Qxf3 Rad8 17. d5 cxd5 18. Rd1 Bh2+ 19. Kh1 Bf4 20. Bxf6 Nxf6
21. Nc3 a6 22. Bxd5 Be5 23. Rac1 Nxd5 24. Nxd5 Qa5 25. Ne7+ Kh8 26. Rxd8 Qxd8
27. Qa3 Bd6 0-1

[Event "Aarhusmesterskabet"]
[Site "Aarhus"]
[Date "2020.02.15"]
[Round "4.13"]
[White "Andersen, Claus Nis"]
[Black "Rasmussen, Lars Garne"]
[Result "1/2-1/2"]
[WhiteElo "1697"]
[BlackElo "1991"]
[PlyCount "56"]
[EventDate "2020.02.??"]
[EventType "swiss"]
[EventRounds "7"]
[EventCountry "DEN"]

1. d4 Nf6 2. c4 e6 3. Nf3 b6 4. g3 Ba6 5. b3 Bb4+ 6. Bd2 Qe7 7. Bg2 d5 8. cxd5
exd5 9. Ne5 Ne4 10. Bxe4 dxe4 11. Bxb4 Qxb4+ 12. Qd2 Qxd2+ 13. Kxd2 f6 14. Nc4
Nc6 15. Kc3 b5 16. d5 b4+ 17. Kc2 Ne7 18. Nbd2 f5 19. d6 cxd6 20. Nxd6+ Kd7 21.
N2c4 Bxc4 22. Nxc4 Rac8 23. Rhd1+ Kc7 24. Rd2 Rhd8 25. Rad1 Rxd2+ 26. Rxd2 Rd8
27. Rxd8 Kxd8 28. a3 bxa3 1/2-1/2

[Event "Aarhusmesterskabet"]
[Site "Aarhus"]
[Date "2020.02.15"]
[Round "5.5"]
[White "Hansen, Lars"]
[Black "Iversen, Flemming Pagh"]
[Result "1-0"]
[WhiteElo "2237"]
[BlackElo "1806"]
[PlyCount "77"]
[EventDate "2020.02.??"]
[EventType "swiss"]
[EventRounds "7"]
[EventCountry "DEN"]

1. d4 g6 2. e4 Bg7 3. Nc3 d6 4. Be3 a6 5. h4 h5 6. Qd2 Nc6 7. O-O-O b5 8. Kb1
Nf6 9. f3 Rb8 10. Nh3 O-O 11. Ng5 Bd7 12. Be2 e5 13. d5 Nd4 14. Bd3 a5 15. Ne2
Nxe2 16. Bxe2 b4 17. Bc4 Qe7 18. Rdg1 Bb5 19. Bxb5 Rxb5 20. g4 Qd7 21. Rh2 a4
22. Rhg2 b3 23. cxb3 axb3 24. a3 hxg4 25. fxg4 Rfb8 26. Rf1 Rf8 27. Qe2 Rbb8
28. h5 Qa4 29. Qf3 Qc4 30. Rh1 Qd3+ 31. Ka1 Ra8 32. h6 Rxa3+ 33. bxa3 Nxd5 34.
hxg7 b2+ 35. Rxb2 Qxa3+ 36. Kb1 Qd3+ 37. Kc1 Qc3+ 38. Rc2 Qa3+ 39. Kd2 1-0

[Event "Aarhusmesterskabet"]
[Site "Aarhus"]
[Date "2020.02.15"]
[Round "5.7"]
[White "Fogh, Jens Olaf Svanholm"]
[Black "Andersen, Lars Rene"]
[Result "1/2-1/2"]
[WhiteElo "2112"]
[BlackElo "2103"]
[PlyCount "135"]
[EventDate "2020.02.??"]
[EventType "swiss"]
[EventRounds "7"]
[EventCountry "DEN"]

1. d4 Nf6 2. c4 g6 3. Nf3 Bg7 4. e3 O-O 5. Be2 c5 6. d5 d6 7. Nc3 Na6 8. Qc2 e5
9. e4 h6 10. O-O Nh5 11. Ne1 Nf4 12. Bxf4 exf4 13. a3 Qe7 14. Bd3 Bd7 15. Rb1
g5 16. f3 Be5 17. Qe2 Kh8 18. Bc2 Rae8 19. Qd1 Rd8 20. Ne2 Rg8 21. Nd3 f6 22.
b4 b6 23. Qd2 Rc8 24. b5 Nc7 25. Rf2 Rg7 26. g3 f5 27. Nxe5 Qxe5 28. Qc3 fxe4
29. Qxe5 dxe5 30. Bxe4 Ne8 31. Nc3 Nd6 32. Bd3 Bf5 33. Bxf5 Nxf5 34. Ne4 Ne3
35. Rc1 Rd8 36. g4 Kh7 37. Nd2 Kg6 38. Nf1 Rf7 39. Re2 Nxf1 40. Rxf1 Kf6 41.
Kg2 Rh7 42. h4 gxh4 43. Rh1 h5 44. Rxh4 Rdh8 45. Rxh5 Rxh5 46. gxh5 Rxh5 47.
Re1 Rh7 48. Rh1 Re7 49. Re1 Kf5 50. Kf2 Rh7 51. Kg2 Rg7+ 52. Kf2 a6 53. a4 axb5
54. axb5 Rh7 55. Kg2 Ra7 56. Re2 Ra4 57. Rd2 e4 58. fxe4+ Kxe4 59. d6 Ra8 60.
d7 Rd8 61. Kf2 f3 62. Rd1 Kf4 63. Rd3 Ke4 64. Rd5 Kf4 65. Rd3 Ke4 66. Rd6 Kf4
67. Rd3 Ke4 68. Rd6 1/2-1/2

[Event "Aarhusmesterskabet"]
[Site "Aarhus"]
[Date "2020.02.15"]
[Round "5.11"]
[White "Bjornskov, Jacob"]
[Black "Nielsen, Patricia"]
[Result "1-0"]
[WhiteElo "1826"]
[BlackElo "1400"]
[PlyCount "57"]
[EventDate "2020.02.??"]
[EventType "swiss"]
[EventRounds "7"]
[EventCountry "DEN"]

1. e4 d5 2. exd5 Qxd5 3. Nc3 Qd6 4. d4 Nf6 5. Bc4 a6 6. Bb3 e6 7. Nge2 b5 8.
Bf4 Qb6 9. Qd3 Bb7 10. d5 Nbd7 11. dxe6 fxe6 12. Qh3 e5 13. Bg3 Bd6 14. Qe6+
Be7 15. Qf7+ Kd8 16. O-O-O Rf8 17. Qxg7 Bxg2 18. Rhe1 c5 19. Nd5 Nxd5 20. Bxd5
Bxd5 21. Rxd5 Qe6 22. Red1 Ra7 23. Bh4 Bxh4 24. Qxf8+ Qe8 25. Qxc5 Rc7 26. Qb6
Bxf2 27. Rxd7+ Qxd7 28. Rxd7+ Kxd7 29. Qxf2 1-0

[Event "Aarhusmesterskabet"]
[Site "Aarhus"]
[Date "2020.02.16"]
[Round "6.1"]
[White "Danielsen, Henrik"]
[Black "Dumas, Charles"]
[Result "1-0"]
[WhiteElo "2511"]
[BlackElo "2289"]
[PlyCount "79"]
[EventDate "2020.02.??"]
[EventType "swiss"]
[EventRounds "7"]
[EventCountry "DEN"]

1. Nf3 Nf6 2. c4 e6 3. Nc3 Bb4 4. Qc2 O-O 5. a3 Bxc3 6. Qxc3 b6 7. b4 a5 8. Bb2
axb4 9. axb4 Rxa1+ 10. Bxa1 c5 11. b5 d6 12. e3 e5 13. Be2 Nbd7 14. O-O e4 15.
Ng5 Ne5 16. f4 exf3 17. Nxf3 Re8 18. d3 Nfg4 19. e4 Re6 20. Nxe5 Nxe5 21. Bg4
Rg6 22. Bxc8 Qxc8 23. Qa3 h6 24. Rf5 Qd8 25. g3 Qh4 26. Bxe5 dxe5 27. Qa8+ Kh7
28. Rxf7 Rxg3+ 29. hxg3 Qxg3+ 30. Kf1 Qxd3+ 31. Kg2 Qe2+ 32. Rf2 Qg4+ 33. Kh2
Qh4+ 34. Kg1 Qg5+ 35. Kf1 Qc1+ 36. Kg2 Qxc4 37. Qd5 Qc3 38. Qe6 Qd4 39. Qf5+
Kg8 40. Ra2 1-0

[Event "Aarhusmesterskabet"]
[Site "Aarhus"]
[Date "2020.02.16"]
[Round "6.2"]
[White "Hansen, Lars"]
[Black "Ochsner, Bjorn Moller"]
[Result "0-1"]
[WhiteElo "2237"]
[BlackElo "2472"]
[PlyCount "37"]
[EventDate "2020.02.??"]
[EventType "swiss"]
[EventRounds "7"]
[EventCountry "DEN"]

1. e4 c5 2. Nc3 d6 3. f4 g6 4. Nf3 Bg7 5. Bb5+ Bd7 6. Bc4 Nc6 7. O-O Na5 8. Be2
Nf6 9. Qe1 O-O 10. d3 Nc6 11. Qh4 Nd4 12. Bd1 Bg4 13. Rf2 e6 14. Ng5 Bxd1 15.
Nxd1 h6 16. Nh3 Nd7 17. Qg3 Bf6 18. Qe3 Nxc2 19. Rxc2 0-1

[Event "Aarhusmesterskabet"]
[Site "Aarhus"]
[Date "2020.02.16"]
[Round "6.3"]
[White "Fries Nielsen, Jens Ove"]
[Black "Holm, Filip"]
[Result "1-0"]
[WhiteElo "2373"]
[BlackElo "1956"]
[PlyCount "39"]
[EventDate "2020.02.??"]
[EventType "swiss"]
[EventRounds "7"]
[EventCountry "DEN"]

1. d4 g6 2. e4 Bg7 3. Nc3 d6 4. Be3 Nf6 5. f3 Nbd7 6. Qd2 c6 7. a4 a6 8. Nh3
Qa5 9. Be2 b5 10. b4 Qxb4 11. axb5 c5 12. Ra4 Qb2 13. O-O Nb6 14. Ra2 Qb4 15.
Rb1 Nc4 16. Qd3 Be6 17. Rxb4 cxb4 18. Nd5 Nxd5 19. Qxc4 Rc8 20. exd5 1-0

[Event "Aarhusmesterskabet"]
[Site "Aarhus"]
[Date "2020.02.16"]
[Round "6.4"]
[White "Nielsen, Viktor Haarmark"]
[Black "Marthedal, Anton Mehmet Yildiz"]
[Result "1-0"]
[WhiteElo "2300"]
[BlackElo "1920"]
[PlyCount "31"]
[EventDate "2020.02.??"]
[EventType "swiss"]
[EventRounds "7"]
[EventCountry "DEN"]

1. e4 d5 2. exd5 Qxd5 3. Nc3 Qd8 4. d4 Nf6 5. Bc4 Bg4 6. Nf3 c6 7. Bxf7+ Kxf7
8. Ne5+ Kg8 9. Nxg4 Nbd7 10. Qe2 h6 11. O-O Qb6 12. Qe6+ Kh7 13. Ne5 Qxd4 14.
Qf5+ Kg8 15. Ng6 Rh7 16. Qe6# 1-0

[Event "Aarhusmesterskabet"]
[Site "Aarhus"]
[Date "2020.02.16"]
[Round "6.5"]
[White "Schmidt, Tommy B"]
[Black "Hoiberg, Nina"]
[Result "1/2-1/2"]
[WhiteElo "2166"]
[BlackElo "2168"]
[PlyCount "45"]
[EventDate "2020.02.??"]
[EventType "swiss"]
[EventRounds "7"]
[EventCountry "DEN"]

1. Nf3 d6 2. d4 Nf6 3. c4 Nbd7 4. Nc3 e5 5. e4 Be7 6. Be2 O-O 7. O-O c6 8. Re1
a6 9. Bf1 b5 10. a3 Bb7 11. b4 Qb8 12. Bb2 Re8 13. Qb3 Bf8 14. dxe5 dxe5 15. c5
h6 16. Nh4 Nh7 17. Rad1 Bc8 18. Nf5 Ndf6 19. Nd6 Be6 20. Qc2 Rd8 21. Nf5 Qc7
22. Nb1 g6 23. Ne3 1/2-1/2

[Event "Aarhusmesterskabet"]
[Site "Aarhus"]
[Date "2020.02.16"]
[Round "6.6"]
[White "Hansen, Morten Lyck"]
[Black "Andersen, Thomas Klitgaard"]
[Result "0-1"]
[WhiteElo "1984"]
[BlackElo "2187"]
[PlyCount "94"]
[EventDate "2020.02.??"]
[EventType "swiss"]
[EventRounds "7"]
[EventCountry "DEN"]

1. e4 e5 2. Nf3 Nc6 3. Bb5 a6 4. Ba4 Nf6 5. O-O Be7 6. Re1 b5 7. Bb3 d6 8. c3
O-O 9. h3 Nb8 10. d4 Nbd7 11. Nbd2 Bb7 12. Bc2 Re8 13. Nf1 Bf8 14. Ng3 g6 15.
Bg5 h6 16. Bd2 Bg7 17. Nh2 d5 18. dxe5 Nxe5 19. f4 Nc4 20. e5 Ne4 21. Nxe4 dxe4
22. Bc1 Qxd1 23. Rxd1 Rad8 24. b3 Nb6 25. Nf1 Rxd1 26. Bxd1 f6 27. exf6 Bxf6
28. Bd2 Nd5 29. Ne3 Nxc3 30. Rc1 b4 31. Ng4 Bd4+ 32. Be3 Rd8 33. Nxh6+ Kg7 34.
Ng4 c5 35. Kf2 Bxe3+ 36. Nxe3 Rd2+ 37. Ke1 Rxa2 38. h4 a5 39. g4 Rh2 40. h5
gxh5 41. g5 h4 42. f5 h3 43. f6+ Kf8 44. g6 Rh1+ 45. Kf2 Nxd1+ 46. Rxd1 Rxd1
47. Nxd1 h2 0-1

[Event "Aarhusmesterskabet"]
[Site "Aarhus"]
[Date "2020.02.16"]
[Round "6.7"]
[White "Hardlei, Johan"]
[Black "Thybo, Thomas Sondergaard"]
[Result "0-1"]
[WhiteElo "2128"]
[BlackElo "2075"]
[PlyCount "136"]
[EventDate "2020.02.??"]
[EventType "swiss"]
[EventRounds "7"]
[EventCountry "DEN"]

1. Nf3 d5 2. b3 Nf6 3. Bb2 e6 4. e3 Bd6 5. d4 Ne4 6. Bd3 f5 7. O-O O-O 8. Ne5
Nd7 9. f3 Nef6 10. f4 Ne4 11. c4 Ndf6 12. c5 Bxe5 13. fxe5 Ng4 14. Qe1 Qg5 15.
Rf4 Bd7 16. Nc3 b6 17. cxb6 axb6 18. Bxe4 fxe4 19. Qg3 Rxf4 20. exf4 Qh5 21.
Nd1 Bb5 22. a4 Nh6 23. Ne3 Bd3 24. Rc1 Qf7 25. Qg5 Qd7 26. f5 Nxf5 27. Nxf5
exf5 28. e6 Qd6 29. Qxf5 Rf8 30. Qe5 Qxe5 31. dxe5 c5 32. h3 Ra8 33. b4 Bc4 34.
a5 bxa5 35. bxc5 Kf8 36. Kf2 Ke7 37. Ke3 Kxe6 38. Bc3 a4 39. Rb1 Bb3 40. Bd4
Rf8 41. Rc1 Rb8 42. Ra1 Rb4 43. Rf1 a3 44. Rf8 a2 45. Re8+ Kd7 46. Ra8 Ba4 47.
Ra7+ Kc6 48. Ra6+ Kb5 49. Rb6+ Ka5 50. Rxb4 Kxb4 51. e6 g5 52. g3 Kc4 53. h4
gxh4 54. gxh4 h5 55. e7 Be8 56. Ba1 Kxc5 57. Be5 Bb5 58. Bd4+ Kd6 59. Kf4 Kxe7
60. Be5 Be8 61. Bd4 Kd6 62. Ke3 Bf7 63. Bb2 Kc5 64. Bd4+ Kc4 65. Be5 Kb3 66.
Kd2 e3+ 67. Kxe3 Kc2 68. Kf4 Kb1 0-1

[Event "Aarhusmesterskabet"]
[Site "Aarhus"]
[Date "2020.02.16"]
[Round "6.8"]
[White "Oehlerich, Per"]
[Black "Fogh, Jens Olaf Svanholm"]
[Result "0-1"]
[WhiteElo "1935"]
[BlackElo "2112"]
[PlyCount "61"]
[EventDate "2020.02.??"]
[EventType "swiss"]
[EventRounds "7"]
[EventCountry "DEN"]

1. c4 Nf6 2. g3 e6 3. Bg2 d5 4. Nf3 c5 5. O-O Nc6 6. d3 Be7 7. a3 O-O 8. Qc2 d4
9. e3 a5 10. exd4 cxd4 11. Re1 Nd7 12. Bf4 Nc5 13. Ne5 Nxe5 14. Bxe5 f6 15. Bf4
e5 16. Bd2 Bf5 17. Bd5+ Kh8 18. Be4 Bxe4 19. dxe4 f5 20. exf5 e4 21. b4 axb4
22. axb4 Rxa1 23. bxc5 Bxc5 24. Qxe4 Qb6 25. Kg2 Qb2 26. f6 Rxf6 27. Qd5 Bf8
28. Qe5 Rxb1 29. Rxb1 Qxb1 30. Bg5 Rf5 31. Qe8 0-1

[Event "Aarhusmesterskabet"]
[Site "Aarhus"]
[Date "2020.02.16"]
[Round "6.9"]
[White "Jaques, Hannibal Valeur"]
[Black "Ladegaard, Jakob"]
[Result "1/2-1/2"]
[WhiteElo "1794"]
[BlackElo "1697"]
[PlyCount "118"]
[EventDate "2020.02.??"]
[EventType "swiss"]
[EventRounds "7"]
[EventCountry "DEN"]

1. e4 e6 2. d4 d5 3. exd5 exd5 4. Nf3 Nc6 5. c4 Nf6 6. Nc3 Be7 7. Bg5 dxc4 8.
Bxc4 O-O 9. O-O Bg4 10. Be3 Re8 11. Qb3 Bh5 12. Ng5 Rf8 13. Qxb7 Na5 14. Qa6 c6
15. a3 Nd5 16. Nge4 f5 17. Nc5 Bf7 18. Bxd5 cxd5 19. Ne6 Qc8 20. Qxa5 Qxe6 21.
Rfe1 Bd8 22. Qb4 Be7 23. Qb3 Rab8 24. Qc2 Qd7 25. Rac1 Bd6 26. Ne2 Qb7 27. b4
Qa6 28. Qb3 Rfc8 29. Nf4 Rc4 30. Nd3 Re8 31. Nb2 Rxc1 32. Rxc1 f4 33. Bd2 Qe2
34. Qc3 Qh5 35. h3 Qf5 36. a4 Bh5 37. f3 Qg5 38. Re1 Rxe1+ 39. Bxe1 Qe7 40. Kf1
Be8 41. Bd2 h6 42. Qb3 Qe6 43. Qd3 Qc8 44. Qb3 Qe6 45. Nd3 g5 46. Nc5 Qf5 47.
Qd3 Qxd3+ 48. Nxd3 Bxa4 49. Nc5 Bb5+ 50. Ke1 Kf7 51. Kf2 Ke7 52. Be1 Kf6 53.
Bd2 h5 54. Bc1 h4 55. Bd2 Bc7 56. Bc3 Ke7 57. Nb3 Kd6 58. Nd2 Kc6 59. Nb1 Bd3
1/2-1/2

[Event "Aarhusmesterskabet"]
[Site "Aarhus"]
[Date "2020.02.16"]
[Round "7.1"]
[White "Fries Nielsen, Jens Ove"]
[Black "Danielsen, Henrik"]
[Result "1/2-1/2"]
[WhiteElo "2373"]
[BlackElo "2511"]
[PlyCount "20"]
[EventDate "2020.02.??"]
[EventType "swiss"]
[EventRounds "7"]
[EventCountry "DEN"]

1. d4 f5 2. Nc3 Nf6 3. Bf4 d5 4. e3 c6 5. Nf3 g6 6. Be2 Be6 7. O-O Bg7 8. Na4
Nbd7 9. b4 Ne4 10. Nd2 O-O 1/2-1/2

[Event "Aarhusmesterskabet"]
[Site "Aarhus"]
[Date "2020.02.16"]
[Round "7.4"]
[White "Fogh, Jens Olaf Svanholm"]
[Black "Hansen, Lars"]
[Result "1/2-1/2"]
[WhiteElo "2112"]
[BlackElo "2237"]
[PlyCount "60"]
[EventDate "2020.02.??"]
[EventType "swiss"]
[EventRounds "7"]
[EventCountry "DEN"]

1. d4 Nf6 2. c4 b6 3. Nf3 e6 4. e3 Bb7 5. Be2 d5 6. Nc3 a6 7. O-O dxc4 8. Bxc4
b5 9. Bd3 Nbd7 10. Qe2 c5 11. dxc5 Bxc5 12. a3 Qc7 13. e4 Rd8 14. Be3 O-O 15.
Rac1 Ng4 16. Bxc5 Nxc5 17. Bc2 Qf4 18. b4 Nd7 19. h3 Nge5 20. Nxe5 Nxe5 21.
Rfd1 Rc8 22. Bb1 Rc7 23. Na2 Rxc1 24. Nxc1 Rc8 25. Nb3 g6 26. Nc5 Ba8 27. Ba2
Kg7 28. Qd2 Qxd2 29. Rxd2 a5 30. f3 axb4 1/2-1/2

[Event "Aarhusmesterskabet"]
[Site "Aarhus"]
[Date "2020.02.16"]
[Round "7.5"]
[White "Hoiberg, Nina"]
[Black "Andersen, Lars Rene"]
[Result "0-1"]
[WhiteElo "2168"]
[BlackElo "2103"]
[PlyCount "104"]
[EventDate "2020.02.??"]
[EventType "swiss"]
[EventRounds "7"]
[EventCountry "DEN"]

1. e4 c5 2. Nf3 e6 3. d4 cxd4 4. Nxd4 Nf6 5. Bd3 Nc6 6. Be3 Qc7 7. Nc3 a6 8.
O-O Bd6 9. h3 h5 10. f4 Nxd4 11. Bxd4 Bxf4 12. e5 Bxe5 13. Bxe5 Qxe5 14. Qf3 d5
15. Rae1 Qg5 16. Qf2 O-O 17. Qd4 Bd7 18. Re5 Qh6 19. Qh4 Rfd8 20. Ne2 Bc6 21.
Nf4 Kf8 22. Nxh5 a5 23. Qf2 d4 24. Nf4 Ke7 25. Bc4 Rd7 26. Nxe6 fxe6 27. Bxe6
Rd6 28. Bd5+ Kd8 29. Bxc6 bxc6 30. Rfe1 Kc7 31. Re7+ Nd7 32. Qg3 Qg6 33. Qe5
Qf6 34. Qg3 Kb6 35. Qb3+ Kc7 36. Qg3 Rf8 37. R1e6 Qf1+ 38. Kh2 Qf4 39. Rxd6
Qxd6 40. Rxg7 Rf2 41. Rg4 c5 42. h4 Qxg3+ 43. Kxg3 Rxc2 44. Kf4 Rxb2 45. h5
Rxa2 46. Rg6 c4 47. h6 c3 48. h7 c2 49. h8=Q c1=Q+ 50. Kg3 Qe3+ 51. Kh4 Qe1+
52. Rg3 Rxg2 0-1

[Event "Aarhusmesterskabet"]
[Site "Aarhus"]
[Date "2020.02.16"]
[Round "7.7"]
[White "Iversen, Flemming Pagh"]
[Black "Holm, Filip"]
[Result "1-0"]
[WhiteElo "1806"]
[BlackElo "1956"]
[PlyCount "115"]
[EventDate "2020.02.??"]
[EventType "swiss"]
[EventRounds "7"]
[EventCountry "DEN"]

1. Nf3 g6 2. g3 Bg7 3. Bg2 Nf6 4. O-O d6 5. d3 c6 6. e4 e5 7. Nbd2 O-O 8. c3
Ng4 9. h3 Nh6 10. Re1 Be6 11. Nf1 f6 12. d4 Qc8 13. Kh2 Nd7 14. Ne3 Nb6 15. b3
Qc7 16. Bb2 Rae8 17. Qc2 f5 18. Ng5 f4 19. Nxe6 Rxe6 20. Nf1 g5 21. Nd2 g4 22.
h4 f3 23. Bf1 Nf7 24. Nc4 Nxc4 25. Bxc4 Rh6 26. Bc1 Rf6 27. dxe5 dxe5 28. a4
Rd6 29. Ba3 c5 30. Rad1 Rfd8 31. Rxd6 Qxd6 32. Bc1 Kf8 33. Bd5 Bf6 34. Be3 b6
35. Qd3 Qe7 36. Qc4 Rd6 37. Qa6 Qd7 38. Rd1 h5 39. Kg1 Nd8 40. Kf1 Ne6 41. Qc4
Nc7 42. Ke1 Nxd5 43. exd5 Qf5 44. Kd2 Kg7 45. Kc1 Kg6 46. Kb2 Bg7 47. Qb5 Bh6
48. Qe8+ Qf7 49. Qxe5 Qf6 50. Qxf6+ Rxf6 51. Bxh6 Kxh6 52. c4 Rd6 53. Re1 Kg6
54. Re5 Rf6 55. Kc3 Rf5 56. Re8 Kf6 57. Re6+ Kf7 58. Kd3 1-0

[Event "Aarhusmesterskabet"]
[Site "Aarhus"]
[Date "2020.02.16"]
[Round "7.9"]
[White "Andersen, Claus Nis"]
[Black "Hansen, Morten Lyck"]
[Result "1/2-1/2"]
[WhiteElo "1697"]
[BlackElo "1984"]
[PlyCount "41"]
[EventDate "2020.02.??"]
[EventType "swiss"]
[EventRounds "7"]
[EventCountry "DEN"]

1. d4 Nf6 2. c4 g6 3. Nc3 d5 4. cxd5 Nxd5 5. e4 Nxc3 6. bxc3 Bg7 7. Bc4 O-O 8.
Ne2 c5 9. Be3 Nc6 10. O-O Qc7 11. Rc1 Rd8 12. Qc2 Na5 13. Bb3 Nxb3 14. axb3 b6
15. Rfd1 Ba6 16. c4 cxd4 17. Nxd4 e5 18. Ne2 Rxd1+ 19. Rxd1 Rd8 20. Nc3 Rxd1+
21. Qxd1 1/2-1/2

[Event "Aarhusmesterskabet"]
[Site "Aarhus"]
[Date "2020.02.16"]
[Round "7.10"]
[White "Graabaek, Sebastian"]
[Black "Oehlerich, Per"]
[Result "0-1"]
[WhiteElo "1639"]
[BlackElo "1935"]
[PlyCount "44"]
[EventDate "2020.02.??"]
[EventType "swiss"]
[EventRounds "7"]
[EventCountry "DEN"]

1. d4 b6 2. Bf4 Bb7 3. Nc3 Nf6 4. f3 e6 5. e4 d5 6. e5 Nfd7 7. Be3 c5 8. f4
cxd4 9. Bxd4 Nc6 10. Nf3 Nxd4 11. Nxd4 a6 12. a3 Rc8 13. Be2 Bc5 14. b4 Bxb4
15. axb4 Rxc3 16. Qd2 Qh4+ 17. Kf1 Rc8 18. Bxa6 Bxa6+ 19. Rxa6 O-O 20. Ke2 Qg4+
21. Ke3 f6 22. Ra7 fxe5 0-1

[Event "Aarhusmesterskabet"]
[Site "Aarhus"]
[Date "2020.02.16"]
[Round "7.11"]
[White "Bjornskov, Jacob"]
[Black "Ringsmose, Christian"]
[Result "1/2-1/2"]
[WhiteElo "1826"]
[BlackElo "1625"]
[PlyCount "80"]
[EventDate "2020.02.??"]
[EventType "swiss"]
[EventRounds "7"]
[EventCountry "DEN"]

1. e4 c5 2. Nc3 Nc6 3. f4 e6 4. Bb5 Nge7 5. d3 Nd4 6. Bd2 a6 7. Ba4 b5 8. Bb3
g6 9. e5 Nef5 10. Ne4 Bg7 11. Nf3 Bb7 12. c3 Nxf3+ 13. Qxf3 Rb8 14. g4 Nh4 15.
Qf2 O-O 16. O-O-O c4 17. Bc2 a5 18. d4 b4 19. cxb4 axb4 20. Bxb4 Bxe4 21. Bxf8
Bxh1 22. Bxg7 Bf3 23. Bf6 Qb6 24. b3 Bxd1 25. Bxd1 cxb3 26. Bxb3 Qc6+ 27. Qc2
Qxc2+ 28. Kxc2 Nf3 29. Kc3 Nxh2 30. Bd1 Rb1 31. Bc2 Rb8 32. Bd1 Ra8 33. a4 Nf1
34. Kd3 h5 35. gxh5 gxh5 36. Bh4 Nh2 37. Be1 Kh7 38. a5 h4 39. Be2 h3 40. Ke3
Kg6 1/2-1/2